000
00324nam a2200133Ia 4500
008
220216s9999 xx 000 0 und d
100
_a
Buchan S
245
0
_a
Study of the rubber -metal bond
260
_b
IRI Transactions
_c
1945
300
_a
266-278
650
_a
Rubber-metal bond
700
_a
Shanks J R
942
_c
JS
999
_c
69816
_d
69816